[Event "Sao Paulo Carnaval op"]
[Site "Sao Paulo"]
[Date "2018.02.13"]
[Round "7"]
[White "Carstens Dobuchak, Thiago"]
[Black "Cardozo, Matheus Santos"]
[Result "1/2-1/2"]
[WhiteElo "2007"]
[BlackElo "1848"]
[PlyCount "43"]
[EventDate "2018.02.10"]
[EventType "swiss"]
[EventRounds "7"]
[EventCountry "BRA"]
[SourceTitle "CBM 183 Extra"]
[Source "ChessBase"]
[SourceDate "2018.04.19"]
[SourceVersion "1"]
[SourceVersionDate "2018.04.19"]
[SourceQuality "1"]

1. e4 c5 2. Nf3 d6 3. d4 cxd4 4. Qxd4 Nc6 5. Bb5 Bd7 6. Bxc6 Bxc6 7. Nc3 Nf6 8. Bg5 e6 9. 0-0-0 Be7 10. Rhe1 0-0 11. Kb1 Qa5 12. Qd2 Qa6 13. Nd4 b5 14. Nxc6 Qxc6 15. Bxf6 gxf6 16. Re3 Kh8 17. Ne2 Rad8 18. Nf4 Rg8 19. Qe2 a5 20. Rh3 b4 21. Rdd3 Rg7 22. Rd1 1/2-1/2

[Event "Sao Paulo Carnaval op"]
[Site "Sao Paulo"]
[Date "2018.02.12"]
[Round "5"]
[White "Cardozo, Matheus Santos"]
[Black "Achutti, Andre"]
[Result "1-0"]
[WhiteElo "1848"]
[BlackElo "2091"]
[PlyCount "83"]
[EventDate "2018.02.10"]
[EventType "swiss"]
[EventRounds "7"]
[EventCountry "BRA"]
[SourceTitle "CBM 183 Extra"]
[Source "ChessBase"]
[SourceDate "2018.04.19"]
[SourceVersion "1"]
[SourceVersionDate "2018.04.19"]
[SourceQuality "1"]

1. d4 d5 2. c4 e6 3. Nc3 c6 4. cxd5 exd5 5. Nf3 Nf6 6. Bg5 Be7 7. e3 h6 8. Bh4 Bf5 9. Bd3 Bxd3 10. Qxd3 Nbd7 11. 0-0 0-0 12. Rac1 Ne4 13. Nxe4 Bxh4 14. Nxh4 Qxh4 15. Nc5 Nxc5 16. Rxc5 f5 17. g3 Qg4 18. Qd1 Qg6 19. Qf3 Rae8 20. b4 a6 21. a4 Re4 22. Kh1 f4 23. gxf4 Rf5 24. Rg1 Qf6 25. Rc2 Re7 26. Qg3 Qe6 27. Qf3 Kf8 28. b5 axb5 29. axb5 cxb5 30. Rd1 g5 31. Rdc1 Kg7 32. Qg4 Qg6 33. Ra1 h5 34. Qg2 g4 35. Ra8 Kf6 36. Qf1 Ke6 37. Qxb5 Rf6 38. Qb6+ Kf5 39. Qb1 Re4 40. Qxb7 Qf7 41. Qxf7 Rxf7 42. Rc5 1-0

[Event "Sao Paulo Carnaval op"]
[Site "Sao Paulo"]
[Date "2018.02.12"]
[Round "6"]
[White "Cardozo, Matheus Santos"]
[Black "Chiaramitara, Pedro Jr"]
[Result "1/2-1/2"]
[WhiteElo "1848"]
[BlackElo "2079"]
[PlyCount "71"]
[EventDate "2018.02.10"]
[EventType "swiss"]
[EventRounds "7"]
[EventCountry "BRA"]
[SourceTitle "CBM 183 Extra"]
[Source "ChessBase"]
[SourceDate "2018.04.19"]
[SourceVersion "1"]
[SourceVersionDate "2018.04.19"]
[SourceQuality "1"]

1. d4 Nf6 2. c4 g6 3. Nc3 d5 4. Nf3 Bg7 5. Bg5 0-0 6. e3 c5 7. Bxf6 Bxf6 8. Nxd5 Bg7 9. h3 Nc6 10. Be2 e6 11. Nc3 cxd4 12. Nxd4 Nxd4 13. exd4 Bxd4 14. Qc2 Qb6 15. 0-0 Bd7 16. Rad1 Rfd8 17. Bf3 Rac8 18. b3 Bc6 19. Bxc6 bxc6 20. Ne4 c5 21. Qc1 f5 22. Ng5 e5 23. h4 Rc6 24. Nh3 Rf6 25. Qh6 Qb7 26. Rfe1 Qg7 27. Qc1 Rfd6 28. Qg5 h6 29. Qc1 Kh7 30. g3 Qf6 31. Kg2 R8d7 32. Rh1 Kg7 33. Rhe1 Qd8 34. Qb1 Rf7 35. b4 Bc3 36. bxc5 1/2-1/2